Türkiye National Football Team Players - Statistics

General Stats
  • This quiz has been taken 175 times
    63 since last reset
  • The average score is 26 of 46
Answer Stats
Answer % Correct
Hakan Çalhanoğlu
92%
Altay Bayındır
90%
Merih Demiral
90%
Kenan Yıldız
88%
Uğurcan Çakır
88%
Abdülkerim Bardakçı
86%
Arda Güler
86%
Barış Alper Yılmaz
86%
Rıdvan Yılmaz
86%
Ferdi Kadıoğlu
82%
Mert Günok
82%
Mert Müldür
82%
Kerem Aktürkoğlu
76%
Çağlar Söyüncü
73%
Eren Elmalı
73%
Oğuz Aydın
73%
Orkun Kökçü
71%
Zeki Çelik
69%
Yunus Akgün
67%
İrfan Can Kahveci
65%
İsmail Yüksek
65%
Samet Akaydın
65%
Can Uzun
63%
Emirhan Topçu
61%
Salih Özcan
61%
Yasin Özcan
61%
Semih Kılıçsoy
55%
Atakan Karazor
53%
Cenk Tosun
49%
Ozan Kabak
49%
Okan Kocuk
47%
Kaan Ayhan
45%
Muhammed Şengezer
45%
Enes Ünal
41%
Okay Yokuşlu
35%
Yusuf Yazıcı
35%
Ahmetcan Kaplan
31%
Vincenzo Montella
31%
Ahmed Kutucu
25%
Umut Nayir
24%
Abdülkadir Ömür
22%
Bertuğ Yıldırım
16%
Eren Dinkçi
16%
Cenk Özkacar
12%
Doğucan Haspolat
6%
Berat Özdemir
2%
No matching quizzes found
Score Distribution
Percent of People with Each Score
Percentile by Number Answered
Your Score History
You have not taken this quiz since the last reset